Koření marketingu - inovace, diplomacie a průzkum trhu

Marketingový pracovník a jeho schopnosti. Inovácia v marketingu - nové technológie. Nové zásady. Marketingová inovácia malých a stredných firiem. Príklad potravinárskej spoločnosti Kraft Foods. Zmluvy a dôvera. Voľba distribučných ciest. Dokončenie v budúcom čísle.

Na minha lista:
Detalhes bibliográficos
Autor principal: Nekovář, Milan
Formato: Capítulo de Livro
Idioma:tcheco
Assuntos:
Tags: Adicionar Tag
Sem tags, seja o primeiro a adicionar uma tag!

MARC

LEADER 00000naa$a2200000$$$4500
001 0012567
005 20231018123844.3
041 0 |a cze 
044 |a CZ 
245 1 0 |a Koření marketingu - inovace, diplomacie a průzkum trhu  |c aut. Milan Nekovář 
520 |a Marketingový pracovník a jeho schopnosti. Inovácia v marketingu - nové technológie. Nové zásady. Marketingová inovácia malých a stredných firiem. Príklad potravinárskej spoločnosti Kraft Foods. Zmluvy a dôvera. Voľba distribučných ciest. Dokončenie v budúcom čísle. 
610 2 0 |a marketing 
610 2 0 |a inovácia 
610 2 0 |a internet 
610 2 0 |a prieskum podnikateľský 
610 2 0 |a prieskum trhu 
610 2 0 |a riadenie podnikové 
610 2 0 |a distribúcia 
100 1 |a Nekovář, Milan